000 00634cab a2200217 4500
001 X98181
008 090401t1999 xxu||||| |||| 00| 0 eng d
035 _a(Sirsi) u92888
041 _aeng
245 _aR v Chichester DC ex parte Kirdford Conservation Society
260 _c1999
350 _a0
490 _aJournal of Planning and Environment Law
_vApril 1999, 374-377(4)
650 _aCONSERVATION RESTRAINT
650 _aHOUSING
650 _aPLANNING OBJECTIONS
650 _aR V CHICHESTER DC EX P KIRDFORD CONSERVATION SOCIETY
690 _aPLANNING LAW AND PRACTICE-CASE LAW
942 _n0
948 _c21/04/1999
999 _c58878
_d58878